00842nam a22001937a 450000500170000000800410001702000150005804000070007304100120008008200220009210000190011424500730013326000410020630000290024752003090027665000190058565000230060470000210062720220702112624.0220702b ||||| |||| 00| 0 eng d a0198529112 cAL aEnglish 223a320.557bRABP aAngel M Rabasa aPolitical Islam in Southeast Asia: Moderates Radicals and Terrorists aLondonbOxford Unversity Pressc2003 a82 p.bPBc23.5x15.5 cm. aProvides an overview of the evolution of political Islam in South-east Asia. Analyses the sources of relgious radicalism and assesses the regional terrorist and radical networks. Describes how secular democratic institutions can be strengthened, and how moderate and tolerant tendencies can be promoted. aSoutheast Asia aIslam and politics aRABASA (Angel M)